| 000 | 01211nam a22002657a 4500 | ||
|---|---|---|---|
| 005 | 20170124103159.0 | ||
| 010 | _aB-075390 | ||
| 020 | _c350.00 | ||
| 035 | _aB-075390 | ||
| 037 | _bCen Lib/Ret | ||
| 040 |
_aDPL _bHN |
||
| 082 |
_a181.4 _bहुकुम |
||
| 100 |
_aहुकुम सिंह _990870 |
||
| 245 |
_aआधुनिक विज्ञान में भारतीय दर्शन का स्रष्टिवाद / _cहुकुम सिंह |
||
| 246 |
_aAdhunik vigyan me bhartiay darshan ka srshtivad _bby Hukum Singh |
||
| 260 |
_aजयपुर _bशर्मा पब्लिशिंग हाउस _c2001 |
||
| 270 |
_a3374, गोविन्द राय जी का रास्ता _bजयपुर _e302001 |
||
| 300 |
_a221पृष्ठ. _c20सेमी(सजिल्द) |
||
| 500 | _aसन्दर्भ ग्रन्थ सूची शामिल | ||
| 650 |
_aभारतीय दर्शन _990871 |
||
| 650 |
_aदर्शन - विज्ञान _990872 |
||
| 650 |
_aIndian philosophy _990873 |
||
| 650 |
_aPhilosophy - Science _990874 |
||
| 942 |
_2ddc _cHN _h181.4 _mहुकुम |
||
| 999 |
_c120525 _d120525 |
||